|
|
|
|
| LEADER |
04729nam a2200625 4500 |
| 001 |
978-3-319-71574-2 |
| 003 |
DE-He213 |
| 005 |
20191022082041.0 |
| 007 |
cr nn 008mamaa |
| 008 |
180109s2018 gw | s |||| 0|eng d |
| 020 |
|
|
|a 9783319715742
|9 978-3-319-71574-2
|
| 024 |
7 |
|
|a 10.1007/978-3-319-71574-2
|2 doi
|
| 040 |
|
|
|d GrThAP
|
| 050 |
|
4 |
|a TA349-359
|
| 072 |
|
7 |
|a TGMD
|2 bicssc
|
| 072 |
|
7 |
|a SCI096000
|2 bisacsh
|
| 072 |
|
7 |
|a TGMD
|2 thema
|
| 082 |
0 |
4 |
|a 531
|2 23
|
| 245 |
1 |
0 |
|a Women's Health and Biomechanics
|h [electronic resource] :
|b Where Medicine and Engineering Meet /
|c edited by Sofia Brandão, Thuane Da Roza, Isabel Ramos, Teresa Mascarenhas.
|
| 250 |
|
|
|a 1st ed. 2018.
|
| 264 |
|
1 |
|a Cham :
|b Springer International Publishing :
|b Imprint: Springer,
|c 2018.
|
| 300 |
|
|
|a XVIII, 231 p. 30 illus., 23 illus. in color.
|b online resource.
|
| 336 |
|
|
|a text
|b txt
|2 rdacontent
|
| 337 |
|
|
|a computer
|b c
|2 rdamedia
|
| 338 |
|
|
|a online resource
|b cr
|2 rdacarrier
|
| 347 |
|
|
|a text file
|b PDF
|2 rda
|
| 490 |
1 |
|
|a Lecture Notes in Computational Vision and Biomechanics,
|x 2212-9391 ;
|v 29
|
| 505 |
0 |
|
|a Improving Women´s Health via the Bio-Psycho-Social Model -- Section 1: The Young Women -- Sports and UI -- Pelvic Floor Evaluation in Sports -- Diagnostic Devices -- Section 2: The Reproductive Period of Women´s Life -- Pregnancy and Ergonomics -- The changes in Biomechanics due to Pregnancy and Parity -- Ultrasound Imaging Assessment of diastasis recti -- Biomechanical Analysis of the Damage in the Pelvic Floor Muscles During Childbirth -- Breast Imaging: from Morphology to Tissue Structure -- The Effects of Mastectomy and Reconstruction on Body Posture and Biomechanics -- The Role of Physiotherapy in Women with Breast Cancer -- Breast Implants: Far Beyond Just Aesthetic Surgery -- The Female Pelvic Floor (Dysfunction): from Clinical Practice to Biomechanics -- Imaging Female Pelvic Floor Dysfunction -- Section 3: The Older Women -- Searching for Biomechanical Tissue Properties in Pelvic Floor Dysfunction by Computational Modeling -- Pelvic Floor Dysfunction / Urinary Incontinence: Rehabilitation Treatments and the Improvement in Quality-of-Life -- The Role of Ultrasound Imaging of Musculotendinous Structures in the Elderly Population -- Mental Health and Physical Activity. .
|
| 520 |
|
|
|a This book focuses on particular mental and physical aspects of women's health, presenting topics concerning the pelvis and pelvic floor dysfunction and the breast during a woman's life, such as rehabilitation for pelvic and breast disorders, and the benefits of biomechanical analysis in treating these conditions. With each chapter providing a brief survey of a major research area related to the theme, the book offers an integrated overview of topics such as the bio-psycho-social model of women's health, pelvic floor evaluation in sports, the breast, pregnancy and delivery. It is a valuable resource for a wide range of readers, including researchers, graduates and professionals. .
|
| 650 |
|
0 |
|a Mechanics.
|
| 650 |
|
0 |
|a Mechanics, Applied.
|
| 650 |
|
0 |
|a Mechanical engineering.
|
| 650 |
|
0 |
|a Biomedical engineering.
|
| 650 |
|
0 |
|a Radiology.
|
| 650 |
|
0 |
|a Gynecology .
|
| 650 |
|
0 |
|a Sports medicine.
|
| 650 |
1 |
4 |
|a Solid Mechanics.
|0 http://scigraph.springernature.com/things/product-market-codes/T15010
|
| 650 |
2 |
4 |
|a Mechanical Engineering.
|0 http://scigraph.springernature.com/things/product-market-codes/T17004
|
| 650 |
2 |
4 |
|a Biomedical Engineering and Bioengineering.
|0 http://scigraph.springernature.com/things/product-market-codes/T2700X
|
| 650 |
2 |
4 |
|a Imaging / Radiology.
|0 http://scigraph.springernature.com/things/product-market-codes/H29005
|
| 650 |
2 |
4 |
|a Gynecology.
|0 http://scigraph.springernature.com/things/product-market-codes/H26006
|
| 650 |
2 |
4 |
|a Sports Medicine.
|0 http://scigraph.springernature.com/things/product-market-codes/H58005
|
| 700 |
1 |
|
|a Brandão, Sofia.
|e editor.
|4 edt
|4 http://id.loc.gov/vocabulary/relators/edt
|
| 700 |
1 |
|
|a Da Roza, Thuane.
|e editor.
|4 edt
|4 http://id.loc.gov/vocabulary/relators/edt
|
| 700 |
1 |
|
|a Ramos, Isabel.
|e editor.
|4 edt
|4 http://id.loc.gov/vocabulary/relators/edt
|
| 700 |
1 |
|
|a Mascarenhas, Teresa.
|e editor.
|4 edt
|4 http://id.loc.gov/vocabulary/relators/edt
|
| 710 |
2 |
|
|a SpringerLink (Online service)
|
| 773 |
0 |
|
|t Springer eBooks
|
| 776 |
0 |
8 |
|i Printed edition:
|z 9783319715735
|
| 776 |
0 |
8 |
|i Printed edition:
|z 9783319715759
|
| 776 |
0 |
8 |
|i Printed edition:
|z 9783319890845
|
| 830 |
|
0 |
|a Lecture Notes in Computational Vision and Biomechanics,
|x 2212-9391 ;
|v 29
|
| 856 |
4 |
0 |
|u https://doi.org/10.1007/978-3-319-71574-2
|z Full Text via HEAL-Link
|
| 912 |
|
|
|a ZDB-2-ENG
|
| 950 |
|
|
|a Engineering (Springer-11647)
|